Sports Quiz

Random Sports or NFL Quiz

NFL top 10 draft picks 2000-2010 Quiz Stats

 Plays Quiz not verified by Sporcle

Score 0/110 Timer 10:00
0 Plays Today
Year Player % Correct
2002Roy Williams
97.6%
2004Roy Williams
97.6%
2002Mike Williams
97.5%
2005Mike Williams
97.5%
2006Mario Williams
97.4%
2010Trent Williams
97.4%
2004Reggie Williams
97.3%
2005Cadillac Williams
97.1%
2007Calvin Johnson
97.1%
2003Kevin Williams
97%
2003Andre Johnson
96.9%
2005Alex Smith
94.8%
2001Justin Smith
94.5%
2009Jason Smith
94.5%
2009Andre Smith
94.5%
2010Sam Bradford
92.6%
2005Ronnie Brown
92.4%
2009Matthew Stafford
92.4%
2000Courtney Brown
92.2%
2007Levi Brown
92.1%
2004Eli Manning
91.7%
2006Reggie Bush
90.6%
2008Keith Rivers
90.6%
2004Philips Rivers
90.5%
2009Mark Sanchez
90.5%
2006Vince Young
89.7%
2001Michael Vick
88.9%
2008Matt Ryan
88.6%
2010Ndamukong Suh
88.6%
2008Jake Long
88.4%
2008Chris Long
88.4%
2007JaMarcus Russell
88.1%
2006Vernon Davis
87.7%
2001Leonard Davis
87.3%
2004Larry Fitzgerald
86.7%
2002David Carr
86.3%
2007Adrian Peterson
86.2%
Year Player % Correct
2003Carson Palmer
86.1%
2008Darren McFadden
84.7%
2000Jamal Lewis
84.6%
2006Matt Leinart
84%
2009Michael Crabtree
83.9%
2010C.J. Spiller
83.7%
2001LaDainian Tomlinson
80.5%
2006A.J. Hawk
79.5%
2009Darrius Heyward-bey
78.8%
2002Julius Peppers
77.7%
2000Thomas Jones
77.1%
2002Levi Jones
77%
2005Adam 'Pacman' Jones
76.9%
2007Joe Thomas
76.7%
2003Byron Leftwich
76.6%
2005Carlos Rogers
76.2%
2003Charles Rogers
76.1%
2005Braylon Edwards
75.6%
2002Joey Harrington
75.5%
2000Brian Urlacher
75.1%
2004Kellen Winslow
74.1%
2005Cedric Benson
73.3%
2006D'Brickashaw Ferguson
73%
2007Ted Ginn Jr
70.5%
2009Tyson Jackson
68.9%
2000LaVar Arrington
66.9%
2010Eric Berry
66.6%
2008Jerod Mayo
66.2%
2000Travis Taylor
64.4%
2004Sean Taylor
64.4%
2004Robert Gallery
64%
2010Gerald Mccoy
63.5%
2000Plaxico Burress
63.3%
2003Terrell Suggs
61.9%
2004DeAngelo Hall
59.7%
2009Aaron Curry
58.8%
2005Troy Williamson
57.5%
Year Player % Correct
2004Dunta Robinson
56.9%
2001Koren Robinson
56.8%
2002Ryan Sims
56.3%
2006Ernie Sims
56.3%
2003Terence Newman
55.5%
2010Joe Haden
55.3%
2000Peter Warrick
55.1%
2009B.J. Raji
54%
2008Glenn Dorsey
53.9%
2007Laron Landry
53.1%
2007Gaines Adams
53%
2008Vernon Gholston
52.5%
2010Rolando McClain
50.5%
2010Russell Okung
49.9%
2002Quentin Jammer
49%
2001Richard Seymour
48.6%
2000Chris Samuels
44.1%
2007Jamaal Anderson
44.1%
2008Sedrick Ellis
43.8%
2006Michael Huff
43.7%
2007Amobi Okoye
43%
2005Antrel Rolle
41.3%
2003Jordan Gross
39.5%
2002John Henderson
38.9%
2006Donte Whitner
38.7%
2010Tyson Alualu
37.6%
2002Bryant McKinnie
34.7%
2001David Terrell
32.6%
2008Derrick Harvey
32.4%
2001Gerard Warren
32%
2003Dewayne Robertson
31.8%
2009Eugene Monroe
30%
2000Corey Simon
24.9%
2001Andre Carter
20.3%
2003Johnathan Sullivan
14.9%
2001Jamal Reynolds
10.1%

You're not logged in!

Compare scores with friends on all Sporcle quizzes.
OR
Log In

Show Comments

Extras

Created Nov 6, 2010ReportNominate
Tags:NFL Quiz, 2000s, draft, player, pos, team

Top Quizzes Today


Score Distribution

Your Account Isn't Verified!

In order to create a playlist on Sporcle, you need to verify the email address you used during registration. Go to your Sporcle Settings to finish the process.

Report this User

Report this user for behavior that violates our Community Guidelines.

Details: